Communion : (Record no. 23908)
[ view plain ]
| 000 -LEADER | |
|---|---|
| fixed length control field | 00978cam a2200265Ia 4500 |
| 001 - CONTROL NUMBER | |
| control field | communiontruesto00stri |
| 003 - CONTROL NUMBER IDENTIFIER | |
| control field | CaSfIA |
| 005 - DATE AND TIME OF LATEST TRANSACTION | |
| control field | 20230525155230.0 |
| 007 - PHYSICAL DESCRIPTION FIXED FIELD--GENERAL INFORMATION | |
| fixed length control field | cr|||| |
| 008 - FIXED-LENGTH DATA ELEMENTS--GENERAL INFORMATION | |
| fixed length control field | 880122t19881987nyu 000 0 eng d |
| 010 ## - LIBRARY OF CONGRESS CONTROL NUMBER | |
| Canceled/invalid LC control number | 86031096 |
| 040 ## - CATALOGING SOURCE | |
| Original cataloging agency | EZH |
| Transcribing agency | EZH |
| Modifying agency | XBM |
| -- | BTCTA |
| -- | BAKER |
| -- | YDXCP |
| -- | ZWQ |
| -- | CaSfIA |
| 020 ## - INTERNATIONAL STANDARD BOOK NUMBER | |
| International Standard Book Number | 0380703882 (pbk.) : |
| Terms of availability | $4.95 |
| 020 ## - INTERNATIONAL STANDARD BOOK NUMBER | |
| International Standard Book Number | 9780380703883 (pbk.) |
| 035 ## - SYSTEM CONTROL NUMBER | |
| System control number | (OCoLC)17375661 |
| 050 00 - LIBRARY OF CONGRESS CALL NUMBER | |
| Classification number | TL789.3 |
| Item number | .S77 1987 |
| 082 00 - DEWEY DECIMAL CLASSIFICATION NUMBER | |
| Classification number | 001.9/42 |
| Edition number | 19 |
| 100 1# - MAIN ENTRY--PERSONAL NAME | |
| Personal name | Strieber, Whitley. |
| 245 10 - TITLE STATEMENT | |
| Title | Communion : |
| Medium | [electronic resource] |
| Remainder of title | a true story / |
| Statement of responsibility, etc. | Whitley Strieber. |
| 260 ## - PUBLICATION, DISTRIBUTION, ETC. | |
| Place of publication, distribution, etc. | New York, NY : |
| Name of publisher, distributor, etc. | Avon, |
| Date of publication, distribution, etc. | 1988, c1987. |
| 300 ## - PHYSICAL DESCRIPTION | |
| Extent | 306 p. ; |
| Dimensions | 18 cm. |
| 650 #0 - SUBJECT ADDED ENTRY--TOPICAL TERM | |
| Topical term or geographic name entry element | Unidentified flying objects |
| General subdivision | Sightings and encounters. |
| 856 41 - ELECTRONIC LOCATION AND ACCESS | |
| Uniform Resource Identifier | <a href="http://www.archive.org/details/communiontruesto00stri">http://www.archive.org/details/communiontruesto00stri</a> |
| Public note | Free eBook from the Internet Archive |
| 856 42 - ELECTRONIC LOCATION AND ACCESS | |
| Uniform Resource Identifier | <a href="http://www.openlibrary.org/books/OL14372913M">http://www.openlibrary.org/books/OL14372913M</a> |
| Public note | Additional information and access via Open Library |
| Withdrawn status | Lost status | Damaged status | Not for loan | Collection | Home library | Current library | Date acquired | Total Checkouts | Full call number | Date last seen | Price effective from | Koha item type |
|---|---|---|---|---|---|---|---|---|---|---|---|---|
| Project Gutenberg | Main Library | Main Library | 05/25/2023 | TL789.3 .S77 1987 | 05/25/2023 | 05/25/2023 | EBooks |